US States by Pairs of Bordering States - Statistics

General Stats
  • This quiz has been taken 12 times
  • The average score is 14 of 16
Answer Stats
Hint Answer % Correct
Massachusetts, Rhode Island Connecticut
100%
Florida, South Carolina Georgia
100%
Indiana, Iowa Illinois
100%
Delaware, Virginia Maryland
100%
Alabama, Louisiana Mississippi
100%
Utah, Washington Idaho
90%
North Dakota, Wisconsin Minnesota
90%
California, Oregon Nevada
90%
Maine, Vermont New Hampshire
90%
Arizona, Texas New Mexico
90%
Michigan, West Virginia Ohio
90%
New York, Pennsylvania New Jersey
80%
Arkansas, North Carolina Tennessee
80%
Kentucky, Oklahoma Missouri
70%
Kansas, South Dakota Nebraska
70%
Colorado, Montana Wyoming
70%
No matching quizzes found
Score Distribution
Percent of People with Each Score
Percentile by Number Answered
Your Score History
You have not taken this quiz